Investment banks, hedge funds, and private equity (Record no. 782159)

MARC details
000 -LEADER
fixed length control field 00778nam a2200265Ia 4500
003 - CONTROL NUMBER IDENTIFIER
control field OSt
005 - DATE AND TIME OF LATEST TRANSACTION
control field 20220928125418.0
008 - FIXED-LENGTH DATA ELEMENTS--GENERAL INFORMATION
fixed length control field 220927b |||||||| |||| 00| 0 eng d
037 ## - SOURCE OF ACQUISITION
Terms of availability Textual
040 ## - CATALOGING SOURCE
Original cataloging agency SDCL
Transcribing agency SDCL
Language of cataloging eng
041 ## - LANGUAGE CODE
Source of code eng
Language code of text/sound track or separate title eng
100 ## - MAIN ENTRY--PERSONAL NAME
Personal name Stowell David P.
9 (RLIN) 451363
245 #0 - TITLE STATEMENT
Title Investment banks, hedge funds, and private equity
250 ## - EDITION STATEMENT
Edition statement 3rd
260 ## - PUBLICATION, DISTRIBUTION, ETC.
Place of publication, distribution, etc. London
Name of publisher, distributor, etc. Academic Press
Date of publication, distribution, etc. 2018
300 ## - PHYSICAL DESCRIPTION
Extent xvii,714p.
Dimensions cm.
650 ## - SUBJECT ADDED ENTRY--TOPICAL TERM
Topical term or geographic name entry element Financial Studies
942 ## - ADDED ENTRY ELEMENTS (KOHA)
Classification part X623, Q8
Koha item type Textual
Source of classification or shelving scheme Colon Classification (CC)
Holdings
Withdrawn status Lost status Damaged status Not for loan Home library Current library Date acquired Source of acquisition Total Checkouts Full call number Barcode Date last seen Price effective from Koha item type
        South Campus Library South Campus Library 2022-09-28 172, 18/01/2018, Classic Book Service   X623 Q8 SC1620650 2022-09-28 2022-09-28 Textual
Copyright @ Delhi University Library System